Introduction to linear goal programming / (Record no. 7931)

MARC details
000 -LEADER
fixed length control field 01202nac a22003131i 4500
003 - CONTROL NUMBER IDENTIFIER
control field EG-ScBUE
005 - DATE AND TIME OF LATEST TRANSACTION
control field 20250120093523.0
008 - FIXED-LENGTH DATA ELEMENTS--GENERAL INFORMATION
fixed length control field 250120t1985 cau f b 000 0 eng d
020 ## - INTERNATIONAL STANDARD BOOK NUMBER
International Standard Book Number 0803925646 : (pbk.)
020 ## - INTERNATIONAL STANDARD BOOK NUMBER
International Standard Book Number 9780803925649
040 ## - CATALOGING SOURCE
Original cataloging agency EG-ScBUE
Language of cataloging eng
Description conventions rda
Transcribing agency EG-ScBUE
Modifying agency EG-ScBUE
082 04 - DEWEY DECIMAL CLASSIFICATION NUMBER
Classification number 519.72
Item number IGN
Edition number 22
100 1# - MAIN ENTRY--PERSONAL NAME
Personal name Ignizio, James P.,
Relator term author.
245 10 - TITLE STATEMENT
Title Introduction to linear goal programming /
Statement of responsibility, etc James P. Ignizio, Pennsylvania State University.
264 #1 - PUBLICATION, DISTRIBUTION, ETC. (IMPRINT)
Place of publication, distribution, etc Newbury Park, California :
Name of publisher, distributor, etc Sage Publications,
Date of publication, distribution, etc [1985]
264 #4 - PUBLICATION, DISTRIBUTION, ETC. (IMPRINT)
Date of publication, distribution, etc c1985
300 ## - PHYSICAL DESCRIPTION
Extent 96 pages ;
Dimensions 22 cm.
336 ## - CONTENT TYPE
Source rdacontent
Content type term text
Content type code txt
337 ## - MEDIA TYPE
Media type term unmediated
Source rdamedia
Media type code n
338 ## - CARRIER TYPE
Carrier type term volume
Carrier type code nc
Source rdacarrier
490 0# - SERIES STATEMENT
Series statement A Sage university paper. Quantitative applications in the social sciences ;
Volume number/sequential designation 56
500 ## - GENERAL NOTE
General note distributer: Baccah
504 ## - BIBLIOGRAPHY, ETC. NOTE
Bibliography, etc Includes bibliographical references.
650 #7 - SUBJECT ADDED ENTRY--TOPICAL TERM
Topical term or geographic name as entry element Linear programming.
Source of heading or term BUEsh
655 ## - INDEX TERM--GENRE/FORM
Form subdivision Reading book
856 42 - ELECTRONIC LOCATION AND ACCESS
Materials specified Publisher description
Uniform Resource Identifier <a href="http://www.loc.gov/catdir/enhancements/fy0654/85072574-d.html">http://www.loc.gov/catdir/enhancements/fy0654/85072574-d.html</a>
856 42 - ELECTRONIC LOCATION AND ACCESS
Materials specified Table of contents only
Uniform Resource Identifier <a href="http://www.loc.gov/catdir/enhancements/fy0654/85072574-t.html">http://www.loc.gov/catdir/enhancements/fy0654/85072574-t.html</a>
942 ## - ADDED ENTRY ELEMENTS (KOHA)
Koha item type Book - Borrowing
Source of classification or shelving scheme Dewey Decimal Classification
Holdings
Withdrawn status Lost status Source of classification or shelving scheme Damaged status Not for loan Collection code Home library Current library Shelving location Date acquired Source of acquisition Total Checkouts Full call number Barcode Date last seen Price effective from Koha item type Total Renewals Date checked out
    Dewey Decimal Classification     Baccah Central Library Central Library First floor 14/02/2008 Purchase   519.72 IGN 000009213 15/07/2025 06/02/2008 Book - Borrowing    
    Dewey Decimal Classification     Baccah Central Library Central Library First floor 08/02/2014 Purchase 1 519.72 IGN 000009556 15/07/2025 14/02/2008 Book - Borrowing 2 26/08/2018
    Dewey Decimal Classification     Baccah Central Library Central Library First floor 08/02/2014 Purchase   519.72 IGN 000009486 15/07/2025 14/02/2008 NB - Book (Non borrowing)